000 01045cam a22001814a 4500
005 20250605164359.0
008 250528s ||||||||||||||||||||||||d
035 _a24480
040 _aGR-AtMCL
_bgre
_dGR-AtMCL
_eAACR2
245 1 _aΝέο ΝΟΥΝΟΥ Στραγγιστό / Η Απλότητα του Δύναμη σου
260 _c2019
300 _a50
520 _aΑντιμεωπίζουμε Κάθε Νέο μας Εγχείρημα Συνολικά, Ελάτε να Γνωρίσουμε τις Νέες Γενιές Καταναλωτών, Δράσεις που Ωριμάζουν σε Βάθος Χρόνου, Η Καινοτομία Πρέπει να Είναι 'ΚΡΙ' 'Ολης της Εταιρείας, Δημιουργικότητα που Έρχεται 'Από το Μέλλον', Υπογράφηκε το Diversity Charter στην Ελλάδα, Sensemaking και Sensegiving στην Αλλαγή.
700 1 _aΚορδελάς Δημήτρης
_99464
942 _cCR
999 _c9358
_d9358